Datum a čas kvízu

26.5 Celkem bodů Celkový počet nahraných bodů na tomto kvízu bez doplňovacích otázek.
12. Pořadí na kvízu Konečné umístění týmu na tomto kvízu.

Zaznamenané odpovědi

# Otázka Odpověď Body Výsledky
1. Zvolený prezident Petr Pavel z... 58,32 % 1
2. Novým premiérem jedné země se... Nový Zéland 1
3. Americká Akademie filmového um... B) Všechno, všude, najednou 1
4. Minulý týden se k planetě Zemi... Neandertálská kometa 0
5. Tento 21letý český tenista svo... Jiří Lehečka 0
6. Toto jsou tři podoby jednoho z... Carlos, Šakal 0
7. Ziggy Stardust je mimozemská r... David Bowie 0
8. Jak si říká tento nizozemský D... Tiësto 1
9. Přezdívky mají i státy USA. Do... 1B 2D 3A 4C 1
10. I mnozí sportovci si dávají př... Kaká 1